<?xml version="1.0" encoding="UTF-8"?>
<record
    xmlns:xsi="http://www.w3.org/2001/XMLSchema-instance"
    xsi:schemaLocation="http://www.loc.gov/MARC21/slim http://www.loc.gov/standards/marcxml/schema/MARC21slim.xsd"
    xmlns="http://www.loc.gov/MARC21/slim">

  <leader>05623nam a2200409Ia 4500</leader>
  <controlfield tag="003">OSt</controlfield>
  <controlfield tag="005">20260628110049.0</controlfield>
  <controlfield tag="008">  2310s2022    ua a   frm      000 engnd d</controlfield>
  <datafield tag="040" ind1=" " ind2=" ">
    <subfield code="a">EG-EULC</subfield>
    <subfield code="b">eng</subfield>
    <subfield code="c">EG-EULC</subfield>
    <subfield code="d">EG-EULC</subfield>
    <subfield code="e">rda</subfield>
  </datafield>
  <datafield tag="041" ind1="0" ind2=" ">
    <subfield code="a">eng</subfield>
    <subfield code="b">eng</subfield>
    <subfield code="b">ara</subfield>
  </datafield>
  <datafield tag="049" ind1=" " ind2=" ">
    <subfield code="a">Deposit</subfield>
  </datafield>
  <datafield tag="082" ind1=" " ind2=" ">
    <subfield code="a">420</subfield>
  </datafield>
  <datafield tag="092" ind1=" " ind2=" ">
    <subfield code="a">420</subfield>
    <subfield code="2">21</subfield>
  </datafield>
  <datafield tag="097" ind1=" " ind2=" ">
    <subfield code="a">Ph.D</subfield>
  </datafield>
  <datafield tag="099" ind1=" " ind2=" ">
    <subfield code="a">Cai01.02.12.Ph.D.2022.He.C</subfield>
  </datafield>
  <datafield tag="100" ind1=" " ind2=" ">
    <subfield code="a">Hebat Allah Abdelaal Ibrahim Mohamed,</subfield>
    <subfield code="e">preparation.</subfield>
  </datafield>
  <datafield tag="245" ind1=" " ind2="2">
    <subfield code="a">A comparative genre-based corpus analysis of the discourse of arabic and english weight-loss narratives on facebook</subfield>
    <subfield code="c">Hebat Allah Abdelaal Ibrahim Mohamed ; Supervised Prof.Dr.Amira Agameya</subfield>
  </datafield>
  <datafield tag="246" ind1=" " ind2=" ">
    <subfield code="a">&#x627;&#x644;&#x62E;&#x637;&#x627;&#x628; &#x627;&#x644;&#x625;&#x644;&#x643;&#x62A;&#x631;&#x648;&#x646;&#x64A; &#x62D;&#x648;&#x644; &#x62A;&#x62C;&#x627;&#x631;&#x628; &#x625;&#x646;&#x642;&#x627;&#x635; &#x627;&#x644;&#x648;&#x632;&#x646; &#x639;&#x644;&#x649; &#x645;&#x648;&#x642;&#x639; &#x627;&#x644;&#x641;&#x64A;&#x633;&#x628;&#x648;&#x643;: </subfield>
    <subfield code="b">&#x62F;&#x631;&#x627;&#x633;&#x629; &#x645;&#x642;&#x627;&#x631;&#x646;&#x629; &#x646;&#x648;&#x639;&#x64A;&#x629; &#x628;&#x64A;&#x646; &#x627;&#x644;&#x639;&#x631;&#x628;&#x64A;&#x629; &#x648;&#x627;&#x644;&#x625;&#x646;&#x62C;&#x644;&#x64A;&#x632;&#x64A;&#x629; &#x628;&#x627;&#x633;&#x62A;&#x62E;&#x62F;&#x627;&#x645; &#x627;&#x644;&#x645;&#x62A;&#x648;&#x646; &#x627;&#x644;&#x644;&#x63A;&#x648;&#x64A;&#x629; &#x627;&#x644;&#x625;&#x644;&#x643;&#x62A;&#x631;&#x648;&#x646;&#x64A;&#x629;</subfield>
  </datafield>
  <datafield tag="264" ind1=" " ind2="0">
    <subfield code="c">2022.</subfield>
  </datafield>
  <datafield tag="300" ind1=" " ind2=" ">
    <subfield code="a">201 p. :</subfield>
    <subfield code="b">illustrations ; </subfield>
    <subfield code="c">25cm+</subfield>
    <subfield code="e">CD</subfield>
  </datafield>
  <datafield tag="336" ind1=" " ind2=" ">
    <subfield code="2">rda content</subfield>
    <subfield code="a">text</subfield>
  </datafield>
  <datafield tag="337" ind1=" " ind2=" ">
    <subfield code="2">rdamedia</subfield>
    <subfield code="a">Unmediated</subfield>
  </datafield>
  <datafield tag="338" ind1=" " ind2=" ">
    <subfield code="2">rdacarrier</subfield>
    <subfield code="a">volume</subfield>
  </datafield>
  <datafield tag="502" ind1=" " ind2=" ">
    <subfield code="a">Thesis (M.Sc.)-Cairo University - Faculty of Arts- Department of English Language and Literature</subfield>
  </datafield>
  <datafield tag="504" ind1=" " ind2=" ">
    <subfield code="a">Bibliography: p. 185-195.</subfield>
  </datafield>
  <datafield tag="520" ind1=" " ind2="3">
    <subfield code="a">The rise of social media has provided new affordances as well as significance to personal narratives. Weight-loss narratives are no exception. A number of Facebook online communities have been created to bring together members interested in losing weight and adopting a healthy lifestyle. These groups provided a space for the emergence of weight-loss narratives in which narrators share with fellow community members their experience with leading a healthy lifestyle and losing excess weight. The global nature of both obesity disease and social media platforms allowed for the emergence of such narratives in different languages and across a variety of communities. The present study aims at analyzing and comparing the discourse of online weight-loss narratives written in English and Arabic via corpus analysis tools and genre discourse analysis. To that end, a corpus of 200 weight-loss narratives, 100 in English and 100 Arabic were collected and analyzed. The results revealed a tendency among narrators in both corpora to internalize fat-shaming discourses from surrounding community members. The results also highlighted interesting linguistic findings pertaining to the use of English vocabulary in the Arabic narratives and language creativity in the English ones. The findings of the genre analysis show similarities in the overall move structure of both narrative corpora in that they follow a linear sequence in representing the phases of the weight-loss experience as narrators write about their journeys before, during, and after weight-loss</subfield>
  </datafield>
  <datafield tag="520" ind1=" " ind2="3">
    <subfield code="a">&#x62A;&#x645;&#x643;&#x646; &#x627;&#x646;&#x62A;&#x634;&#x627;&#x631; &#x648;&#x633;&#x627;&#x626;&#x644; &#x627;&#x644;&#x62A;&#x648;&#x627;&#x635;&#x644; &#x627;&#x644;&#x625;&#x62C;&#x62A;&#x645;&#x627;&#x639;&#x64A; &#x641;&#x64A; &#x62A;&#x642;&#x62F;&#x64A;&#x645; &#x641;&#x631;&#x635; &#x62C;&#x62F;&#x64A;&#x62F;&#x629; &#x644;&#x645;&#x634;&#x627;&#x631;&#x643;&#x629; &#x627;&#x644;&#x62A;&#x62C;&#x627;&#x631;&#x628; &#x627;&#x644;&#x634;&#x62E;&#x635;&#x64A;&#x629; &#x644;&#x644;&#x645;&#x633;&#x62A;&#x62E;&#x62F;&#x645;&#x64A;&#x646; &#x628;&#x645;&#x627; &#x641;&#x64A; &#x630;&#x644;&#x643; &#x631;&#x648;&#x627;&#x64A;&#x627;&#x62A; &#x627;&#x644;&#x645;&#x631;&#x636; &#x62D;&#x64A;&#x62B; &#x623;&#x64F;&#x646;&#x634;&#x623;&#x62A; &#x645;&#x624;&#x62E;&#x631;&#x627;&#x64B; &#x645;&#x62C;&#x645;&#x648;&#x639;&#x627;&#x62A; &#x648;&#x635;&#x641;&#x62D;&#x627;&#x62A; &#x639;&#x644;&#x649; &#x645;&#x648;&#x642;&#x639; &#x627;&#x644;&#x62A;&#x648;&#x627;&#x635;&#x644; &#x627;&#x644;&#x625;&#x62C;&#x62A;&#x645;&#x627;&#x639;&#x64A; &#x201D; &#x641;&#x64A;&#x633;&#x628;&#x648;&#x643;&#x201D; &#x62A;&#x647;&#x62F;&#x641; &#x625;&#x644;&#x649; &#x62E;&#x644;&#x642; &#x62A;&#x648;&#x627;&#x635;&#x644; &#x628;&#x64A;&#x646; &#x627;&#x644;&#x623;&#x641;&#x631;&#x627;&#x62F; &#x627;&#x644;&#x645;&#x647;&#x62A;&#x645;&#x64A;&#x646; &#x628;&#x625;&#x646;&#x642;&#x627;&#x635; &#x627;&#x644;&#x648;&#x632;&#x646; &#x648;&#x625;&#x62A;&#x628;&#x627;&#x639; &#x646;&#x645;&#x637; &#x62D;&#x64A;&#x627;&#x629; &#x635;&#x62D;&#x64A;. &#x62A;&#x645;&#x643;&#x646;&#x62A; &#x62A;&#x644;&#x643; &#x627;&#x644;&#x645;&#x62C;&#x645;&#x648;&#x639;&#x627;&#x62A; &#x648; &#x627;&#x644;&#x635;&#x641;&#x62D;&#x627;&#x62A; &#x641;&#x64A; &#x62E;&#x644;&#x642; &#x645;&#x633;&#x627;&#x62D;&#x629; &#x64A;&#x633;&#x62A;&#x637;&#x64A;&#x639; &#x645;&#x646; &#x62E;&#x644;&#x627;&#x644;&#x647;&#x627; &#x627;&#x644;&#x623;&#x639;&#x636;&#x627;&#x621; &#x645;&#x634;&#x627;&#x631;&#x643;&#x629; &#x631;&#x648;&#x627;&#x64A;&#x627;&#x62A;&#x647;&#x645; &#x639;&#x646; &#x625;&#x646;&#x642;&#x627;&#x635; &#x627;&#x644;&#x648;&#x632;&#x646; &#x648;&#x625;&#x62A;&#x628;&#x627;&#x639; &#x646;&#x645;&#x637; &#x62D;&#x64A;&#x627;&#x629; &#x635;&#x62D;&#x64A; &#x628;&#x644;&#x63A;&#x627;&#x62A; &#x645;&#x62E;&#x62A;&#x644;&#x641;&#x629; &#x648;&#x641;&#x64A; &#x645;&#x62C;&#x62A;&#x645;&#x639;&#x627;&#x62A; &#x639;&#x62F;&#x64A;&#x62F;&#x629; &#x645;&#x645;&#x627; &#x64A;&#x639;&#x637;&#x64A; &#x647;&#x624;&#x644;&#x627;&#x621; &#x627;&#x644;&#x623;&#x639;&#x636;&#x627;&#x621; &#x627;&#x644;&#x634;&#x639;&#x648;&#x631; &#x628;&#x627;&#x644;&#x625;&#x646;&#x62C;&#x627;&#x632; &#x648; &#x64A;&#x636;&#x641;&#x64A; &#x623;&#x647;&#x645;&#x64A;&#x629; &#x644;&#x62A;&#x62C;&#x631;&#x628;&#x62A;&#x647;&#x645; &#x641;&#x64A; &#x625;&#x646;&#x642;&#x627;&#x635; &#x627;&#x644;&#x648;&#x632;&#x646; &#x62D;&#x64A;&#x62B; &#x64A;&#x64F;&#x639;&#x62F; &#x62E;&#x637;&#x627;&#x628; &#x627;&#x644;&#x633;&#x645;&#x646;&#x629; &#x648; &#x625;&#x646;&#x642;&#x627;&#x635; &#x627;&#x644;&#x648;&#x632;&#x646; &#x628;&#x644;&#x63A;&#x627;&#x62A; &#x645;&#x62E;&#x62A;&#x644;&#x641;&#x629; &#x648;&#x641;&#x64A; &#x62B;&#x642;&#x627;&#x641;&#x627;&#x62A; &#x645;&#x62A;&#x639;&#x62F;&#x62F;&#x629; &#x639;&#x644;&#x649; &#x627;&#x644;&#x625;&#x646;&#x62A;&#x631;&#x646;&#x62A; &#x645;&#x62C;&#x627;&#x644;&#x627;&#x64F; &#x62E;&#x635;&#x628;&#x627;&#x64B; &#x644;&#x644;&#x628;&#x62D;&#x62B; &#x648;&#x627;&#x644;&#x62F;&#x631;&#x627;&#x633;&#x629; &#x627;&#x644;&#x644;&#x63A;&#x648;&#x64A;&#x629; &#x644;&#x630;&#x644;&#x643; &#x62A;&#x647;&#x62F;&#x641; &#x627;&#x644;&#x62F;&#x631;&#x627;&#x633;&#x629; &#x627;&#x644;&#x62D;&#x627;&#x644;&#x64A;&#x629; &#x625;&#x644;&#x649; &#x62A;&#x62D;&#x644;&#x64A;&#x644; &#x62E;&#x637;&#x627;&#x628; &#x625;&#x646;&#x642;&#x627;&#x635; &#x627;&#x644;&#x648;&#x632;&#x646; &#x639;&#x644;&#x649; &#x627;&#x644;&#x625;&#x646;&#x62A;&#x631;&#x646;&#x62A; &#x628;&#x625;&#x633;&#x62A;&#x62E;&#x62F;&#x627;&#x645; &#x627;&#x644;&#x62A;&#x62D;&#x644;&#x64A;&#x644; &#x627;&#x644;&#x646;&#x648;&#x639;&#x64A; &#x648;&#x627;&#x644;&#x645;&#x62A;&#x648;&#x646; &#x627;&#x644;&#x644;&#x63A;&#x648;&#x64A;&#x629; &#x627;&#x644;&#x625;&#x644;&#x643;&#x62A;&#x631;&#x648;&#x646;&#x64A;&#x629; &#x643;&#x645;&#x627; &#x62A;&#x647;&#x62F;&#x641; &#x627;&#x644;&#x62F;&#x631;&#x627;&#x633;&#x629; &#x625;&#x644;&#x649; &#x645;&#x642;&#x627;&#x631;&#x646;&#x629; &#x627;&#x644;&#x628;&#x646;&#x64A;&#x629; &#x627;&#x644;&#x646;&#x648;&#x639;&#x64A;&#x629; &#x644;&#x631;&#x648;&#x627;&#x64A;&#x627;&#x62A; &#x625;&#x646;&#x642;&#x627;&#x635; &#x627;&#x644;&#x648;&#x632;&#x646; &#x628;&#x627;&#x644;&#x644;&#x63A;&#x62A;&#x64A;&#x646; &#x627;&#x644;&#x639;&#x631;&#x628;&#x64A;&#x629; &#x648;&#x627;&#x644;&#x625;&#x646;&#x62C;&#x644;&#x64A;&#x632;&#x64A;&#x629; &#x62D;&#x64A;&#x62B; &#x62A;&#x645; &#x62C;&#x645;&#x639; &#x645;&#x627;&#x626;&#x62A;&#x64A; &#x645;&#x646;&#x634;&#x648;&#x631; &#x645;&#x646; &#x645;&#x648;&#x642;&#x639; &#x641;&#x64A;&#x633;&#x628;&#x648;&#x643; &#x645;&#x627;&#x626;&#x629; &#x645;&#x646;&#x647;&#x627; &#x645;&#x643;&#x62A;&#x648;&#x628; &#x628;&#x627;&#x644;&#x644;&#x63A;&#x629; &#x627;&#x644;&#x639;&#x631;&#x628;&#x64A;&#x629; &#x648;&#x627;&#x644;&#x645;&#x627;&#x626;&#x629; &#x627;&#x644;&#x623;&#x62E;&#x631;&#x649; &#x628;&#x627;&#x644;&#x644;&#x63A;&#x629; &#x627;&#x644;&#x625;&#x646;&#x62C;&#x644;&#x64A;&#x632;&#x64A;&#x629; &#x648;&#x642;&#x62F; &#x623;&#x634;&#x627;&#x631;&#x62A; &#x627;&#x644;&#x646;&#x62A;&#x627;&#x626;&#x62C; &#x625;&#x644;&#x649; &#x642;&#x64A;&#x627;&#x645; &#x627;&#x644;&#x631;&#x648;&#x627;&#x629; &#x628;&#x630;&#x643;&#x631; &#x627;&#x644;&#x62A;&#x639;&#x644;&#x64A;&#x642;&#x627;&#x62A; &#x627;&#x644;&#x633;&#x644;&#x628;&#x64A;&#x629; &#x62D;&#x648;&#x644; &#x632;&#x64A;&#x627;&#x62F;&#x629; &#x627;&#x644;&#x648;&#x632;&#x646; &#x648;&#x627;&#x644;&#x62A;&#x64A; &#x62A;&#x644;&#x642;&#x648;&#x647;&#x627; &#x645;&#x646; &#x627;&#x644;&#x645;&#x62C;&#x62A;&#x645;&#x639; &#x627;&#x644;&#x645;&#x62D;&#x64A;&#x637; &#x628;&#x647;&#x645; &#x643;&#x645;&#x627; &#x623;&#x638;&#x647;&#x631;&#x62A; &#x646;&#x62A;&#x627;&#x626;&#x62C; &#x627;&#x644;&#x62F;&#x631;&#x627;&#x633;&#x629; &#x625;&#x633;&#x62A;&#x62E;&#x62F;&#x627;&#x645; &#x645;&#x645;&#x64A;&#x632; &#x644;&#x645;&#x641;&#x631;&#x62F;&#x627;&#x62A; &#x627;&#x644;&#x644;&#x63A;&#x629; &#x627;&#x644;&#x625;&#x646;&#x62C;&#x644;&#x64A;&#x632;&#x64A;&#x629; &#x641;&#x64A; &#x627;&#x644;&#x631;&#x648;&#x627;&#x64A;&#x627;&#x62A; &#x627;&#x644;&#x645;&#x643;&#x62A;&#x648;&#x628;&#x629; &#x628;&#x627;&#x644;&#x644;&#x63A;&#x629; &#x627;&#x644;&#x639;&#x631;&#x628;&#x64A;&#x629; &#x643;&#x645;&#x627; &#x623;&#x638;&#x647;&#x631;&#x62A; &#x646;&#x62A;&#x627;&#x626;&#x62C; &#x627;&#x644;&#x628;&#x62D;&#x62B; &#x625;&#x644;&#x649; &#x62A;&#x634;&#x627;&#x628;&#x647; &#x627;&#x644;&#x628;&#x646;&#x64A;&#x629; &#x627;&#x644;&#x646;&#x648;&#x639;&#x64A;&#x629; &#x644;&#x631;&#x648;&#x627;&#x64A;&#x627;&#x62A; &#x625;&#x646;&#x642;&#x627;&#x635; &#x627;&#x644;&#x648;&#x632;&#x646; &#x641;&#x64A; &#x643;&#x644;&#x62A;&#x627; &#x627;&#x644;&#x644;&#x63A;&#x62A;&#x64A;&#x646; &#x62D;&#x64A;&#x62B; &#x62A;&#x62A;&#x636;&#x645;&#x646; &#x627;&#x644;&#x631;&#x648;&#x627;&#x64A;&#x627;&#x62A; &#x62A;&#x641;&#x627;&#x635;&#x64A;&#x644; &#x631;&#x62D;&#x644;&#x629; &#x62E;&#x633;&#x627;&#x631;&#x629; &#x627;&#x644;&#x648;&#x632;&#x646; &#x642;&#x628;&#x644; &#x648;&#x623;&#x62B;&#x646;&#x627;&#x621; &#x648;&#x628;&#x639;&#x62F; &#x62A;&#x644;&#x643; &#x627;&#x644;&#x62A;&#x62C;&#x631;&#x628;&#x629;</subfield>
  </datafield>
  <datafield tag="530" ind1=" " ind2=" ">
    <subfield code="a">Issues also as CD.</subfield>
  </datafield>
  <datafield tag="546" ind1=" " ind2=" ">
    <subfield code="a">Text in English and abstract in Arabic &amp; English.</subfield>
  </datafield>
  <datafield tag="650" ind1=" " ind2=" ">
    <subfield code="a">English Language</subfield>
  </datafield>
  <datafield tag="653" ind1=" " ind2=" ">
    <subfield code="a">weight-loss narratives</subfield>
  </datafield>
  <datafield tag="700" ind1=" " ind2=" ">
    <subfield code="a">Amira Agameya</subfield>
    <subfield code="e">thesis advisor.</subfield>
  </datafield>
  <datafield tag="900" ind1=" " ind2=" ">
    <subfield code="b">01-01-2022</subfield>
    <subfield code="c">Amira Agameya</subfield>
    <subfield code="U">Cairo University</subfield>
    <subfield code="F">Faculty of Arts</subfield>
    <subfield code="D">Department of English Language and Literature</subfield>
  </datafield>
  <datafield tag="905" ind1=" " ind2=" ">
    <subfield code="a">Shimaa</subfield>
  </datafield>
  <datafield tag="942" ind1=" " ind2=" ">
    <subfield code="c">TH</subfield>
    <subfield code="2">ddc</subfield>
  </datafield>
  <datafield tag="999" ind1=" " ind2=" ">
    <subfield code="c">163823</subfield>
  </datafield>
  <datafield tag="952" ind1=" " ind2=" ">
    <subfield code="2">ddc</subfield>
    <subfield code="9">295469</subfield>
    <subfield code="a">CUCL</subfield>
    <subfield code="b">cl210</subfield>
    <subfield code="d">2024-02-11</subfield>
    <subfield code="i">85900</subfield>
    <subfield code="o">Cai01.02.12.Ph.D.2022.He.C</subfield>
    <subfield code="p">01010110085900000</subfield>
    <subfield code="r">2023-10-30 00:00:00</subfield>
    <subfield code="w">2023-10-30</subfield>
    <subfield code="y">TH</subfield>
  </datafield>
</record>
